| 000 | 00899nam a2200313 i 4500 | ||
|---|---|---|---|
| 001 | bg | ||
| 100 | 1 | _aWOYTOWICZ-NEYMANN, Monika | |
| 245 | 1 | 0 |
_aNegocjujemy po angielsku : _bjęzyk, kultura, obyczaje / _cM. Woytowicz-Neymann, Tom Ruhan. |
| 260 |
_aWarszawa : _bCentrum Informacji Menedżera, _c1995. |
||
| 300 |
_a143 s. ; _c20 cm. |
||
| 490 | 1 | _aLektury Menedżera | |
| 500 | _aTekst częśc. w jęz. ang. | ||
| 504 | _aBibliogr. s. 139-143. | ||
| 650 | 9 | _aNegocjacje | |
| 650 | 9 | _aJęzyk angielski | |
| 650 | 9 | _aObyczaje towarzyskie | |
| 650 | 9 |
_aPraca _xkultura |
|
| 655 | _aPodręczniki | ||
| 655 | _aPoradniki | ||
| 700 | 1 | _aRUHAN, Tom | |
| 830 | _aLektury Menedżera | ||
| 020 | _a8386210230 | ||
| 040 | _cBPK | ||
| 041 | 0 | _aengpol | |
| 080 | _a811.111(07):005.574:395](083.1) | ||
| 920 | _a83-86210-23-0 | ||
| 942 | _cKS | ||
| 008 | s pl f |000 0 pol | ||
| 999 |
_c53428 _d53428 |
||
| 856 |
_uhttp://koha.tu.koszalin.pl/cgi-bin/koha/opac-detail.pl?biblionumber=53428 _yKatalog online BPK |
||